000 00323 a2200157 4500
001 68443
020 _a9781108772563
040 _cAnchieta - Pituba
100 _aCochrane, Stuart
240 1 0 _aOwn it 2
_l
245 1 0 _aOwn it 2
300 _a143
362 0 _a2020
650 4 _aInglês e inglês antigo
942 _cBK
999 _c68443
_d68443